Hessen-Quiz A-Z - Statistiken

Allgemein
  • Dieses Quiz wurde 391 mal gespielt
  • Das Durchschnittsergebnis liegt bei 17 aus 26
Antwortstatistiken
Frage Antwort % Korrekt
A Frucht, aus der eine alkoholische Getränkespezialität erzeugt wird Apfel
96%
D Großstadt, nach der ein chemisches Element benannt wurde Darmstadt
92%
K Größte Stadt Nordhessens, in der sich unter anderem der Bergpark Wilhelmshöhe befindet Kassel
92%
W Landeshauptstadt Wiesbaden
90%
F Osthessische Domstadt und Fluss, welcher zur Weser wird Fulda
89%
C Große Bank mit Sitz in Frankfurt Commerzbank
87%
L In den Rhein mündender Fluss, welcher unter anderem durch Wetzlar, Limburg und Gießen fließt Lahn
87%
O Großstadt im Rhein-Main-Gebiet bei Frankfurt Offenbach
87%
G Soßenspezialität aus gehackten Kräutern Grüne Soße
86%
M Mittelhessische Universitätsstadt an der #L Marburg
82%
H Sauermilchspezialität, welche gerne "mit Musik" gegessen wird Handkäse
79%
E Zweitgrößter Stausee Deutschlands im Nordhessischen Waldeck-Frankenberg-Kreis Edersee
77%
T Mittelgebirge zwischen Main und #L nördlich von Frankfurt Taunus
76%
P Land, welches 1866 große Teile Hessens annektierte Preußen
71%
R Mittelgebirge an der Grenze zu Bayern und Thüringen, namensgebend für ein Rad Rhön
68%
X Bezeichnung für den Index der größten an der Frankfurter Börse notierten Unternehmen (enthält ein X) DAX
67%
I Große Fahrzeugmesse, welche bis 2019 in Frankfurt stattfand Internationale Automobil-Ausstellung
65%
N Ehemaliges Herzogtum mit Hauptstadt #W, nach dem die Hauptstadt der Bahamas benannt ist Nassau
65%
B CDU-Ministerpräsident von 2010 bis 2022 Volker Bouffier
58%
V Landkreis in Mittelhessen mit Kreisstadt Lauterbach und größter Stadt Alsfeld Vogelsbergkreis
55%
S Mineralwassermarke aus dem #T, welche teilweise als Gattungsname für Mineralwasser fungiert Selters
53%
J Name der Universität von Gießen Justus Liebig Universität
44%
Y SPD-Politikerin, welche 2008 mit dem Versuch, eine Minderheitsregierung zu bilden, scheiterte Andrea Ypsilanti
28%
Z SPD-Ministerpräsident von 1950 bis 1969 Georg-August Zinn
9%
U Bezeichnung für die Grenzregion Hessens zu Bayern Untermain
7%
Q Hessische Partnerregion in Westfrankreich (enthält ein Q) Aquitanien
5%
Keine übereinstimmenden Quizze gefunden
Verteilung der Resultate
Anzahl Personen mit jedem Resultat
Perzentil nach korrekt beantworteten Fragen
Ihre Resultats-Entwicklung
Sie haben dieses Quiz noch nicht gespielt